| 000 | 00802nac a22002291u 4500 | ||
|---|---|---|---|
| 010 | _a 87035412 | ||
| 020 | _a0716750228 | ||
| 082 | 0 | 0 |
_a620.11 _bGOR |
| 090 |
_c6349 _d6349 |
||
| 100 | _aGordon, J. E. | ||
| 245 | 1 | 4 |
_aThe science of structures and materials / _cJ.E. Gordon. |
| 260 |
_aNew York : _bScientific American Library : _bDistributed by Freeman,c1988. _cc1988. |
||
| 300 |
_aviii, 217 p. : _bill. (some col.) ; _c25 cm. |
||
| 440 | 0 |
_aScientific American Library series ; _vno. 23 |
|
| 500 | _aIncludes index. | ||
| 500 | _aDistributer: Al-Ahram. | ||
| 504 | _aBibliography: p. 205-210. | ||
| 511 | _aCatalogued By: Mahitab. | ||
| 650 | 0 | _aStrength of materials. | |
| 650 | 0 | _aStructural analysis (Engineering) | |
| 942 |
_cBB _k620.11GOR |
||
| 999 |
_c6349 _d6349 |
||